Countries With The Highest Obesity Rate in Males - Statistics

General Stats
  • This quiz has been taken 47 times
  • The average score is 29 of 50
Answer Stats
% Male Country % Correct
33.5% United States
100%
30.8% Saudi Arabia
86%
26.9% United Kingdom
86%
27.3% Canada
82%
25.3% Mexico
82%
29.5% Australia
79%
23.9% Brazil
79%
27.6% Argentina
75%
39.9% Samoa
75%
22.7% Egypt
71%
25.1% Fiji
71%
24.9% Chile
68%
58.7% Nauru
68%
32.5% Qatar
68%
41.4% Tonga
68%
47.0% Tuvalu
68%
27.4% United Arab Emirates
68%
41.6% Kiribati
64%
27.5% Lebanon
64%
22.9% Oman
64%
24.6% Spain
64%
24.4% Turkey
64%
20.2% Vanuatu
64%
24.2% Greece
61%
25.4% Israel
61%
33.3% Kuwait
61%
30.1% New Zealand
61%
20.9% Syria
61%
28.2% Jordan
57%
25.2% Libya
57%
51.8% Palau
57%
25.8% Uruguay
57%
23.4% Iraq
54%
48.4% Marshall Islands
54%
22.4% Venezuela
54%
25.0% Ireland
50%
25.5% Bahrain
46%
41.1% FS Micronesia
46%
24.7% Bahamas
43%
22.1% Costa Rica
39%
26.5% Bulgaria
36%
23.7% Poland
36%
28.3% Hungary
32%
29.2% Malta
32%
24.2% Lithuania
29%
24.1% Croatia
25%
21.0% Dominican Republic
25%
25.9% Andorra
21%
23.3% Montenegro
11%
24.5% Norway
11%
No matching quizzes found
Score Distribution
Percent of People with Each Score
Percentile by Number Answered
Your Score History
You have not taken this quiz